• 首页
  • 本馆介绍
  • 公告通知
  • 最新文献
  • 馆藏检索
  • 电子资源
  • 读者导购
  • 参考咨询
  • 我的图书馆
  • 登录
  • 详细信息显示
  • 放入我的书架
  • 预约/预借图书
  • 作者相关作品
  • 分类相关作品
  • 丛书相关作品
  • 出版社相关作品

书目信息

  • 表格格式
  • 工作单格式
  • 卡片格式
题名:
国有资本预算经营与管理前沿理论研究
    
 
作者: 谢志华 著
分册:  
出版信息: 北京   经济科学出版社  2011.5
页数: 229页
开本: 23cm
丛书名: 会计与投资者保护系列丛书
单 册:
中图分类: F123.7
科图分类:
主题词: 国有资产经营--研究--中国 , 国有资产管理--研究--中国 , 国有资产经营 , 国有资产管理
电子资源:
ISBN: 978-7-5141-0692-3
000 01321nam0 2200313 45
001 512
005 20120531153625.42
010    @a978-7-5141-0692-3@dCNY30.00
100    @a20120328d2011 em y0chiy50 ea
101 0  @achi
102    @aCN@b110000
105    @ay z 000yy
106    @ar
200 1  @a国有资本预算经营与管理前沿理论研究@AGuo You Zi Ben Yu Suan Jing Ying Yu Guan Li Qian Yan Li Lun Yan Jiu@dResearch on frontier theory of state-owned capital budgeting operation and management@f谢志华著@FXie Zhi Hua Zhu@zeng
210    @a北京@c经济科学出版社@d2011.5
215    @a229页@d23cm
225 2  @a会计与投资者保护系列丛书
300    @a国际社科基金“完善国有资本预算经营制度研究”的阶段性成果
330    @a本书围绕国有资产预算经营与管理,对若干重大前沿理论问题进行了系统而深入的探索。全书分为五篇,内容包括出资者财务、资本经营与分配理论,政府预算、政府会计与政府审计等。
461  0 @12001 @a会计与投资者保护系列丛书
510 1  @aResearch on frontier theory of state-owned capital budgeting operation and management@zeng
606 0  @a国有资产经营@x研究@y中国
606 0  @a国有资产管理@x研究@y中国
606 0  @a国有资产经营
606 0  @a国有资产管理
690    @aF123.7@v4
701  0 @a谢志华@AXie Zhi Hua@f(1959~)@4著
801  0 @aCN@bTSTCL@c20120328
905    @b0814294-300@dF123.7@e208@f7
    
    国有资本预算经营与管理前沿理论研究=Research on frontier theory of state-owned capital budgeting operation and management/谢志华著.-北京:经济科学出版社,2011.5
    229页;23cm.-(会计与投资者保护系列丛书)
    国际社科基金“完善国有资本预算经营制度研究”的阶段性成果
    
    ISBN 978-7-5141-0692-3:CNY30.00
    本书围绕国有资产预算经营与管理,对若干重大前沿理论问题进行了系统而深入的探索。全书分为五篇,内容包括出资者财务、资本经营与分配理论,政府预算、政府会计与政府审计等。
●
相关链接 在E读中查询图书 在五车中查询图书 在当当中查询图书 在豆瓣中查询图书


正题名:国有资本预算经营与管理前沿理论研究     索取号:F123.7/208         预约/预借

序号 登录号 条形码 馆藏地/架位号 状态 备注
1 0814294   208142945   第一样本阅览室/ [索取号:F123.7/208] 在馆    
2 0814295   208142954   第一借阅区/ [索取号:F123.7/208] 在馆    
3 0814296   208142963   第一借阅区/ [索取号:F123.7/208] 在馆    
4 0814297   208142972   第一借阅区/ [索取号:F123.7/208] 在馆    
5 0814298   208142981   第一借阅区/ [索取号:F123.7/208] 在馆    
6 0814299   208142990   第一借阅区/ [索取号:F123.7/208] 在馆    
7 0814300   208143007   第一借阅区/ [索取号:F123.7/208] 在馆    
唐山师范学院图书馆 欢迎您!
大连网信软件有限公司© 版权所有